000
00394nam a2200133Ia 4500
008
100328s9999 xx 000 0 und d
082
_b
37044
100
_a
पाटेकर श्रीकांत
245
_a
षडयंत्र
260
_b
डायमंड पॉकेट बुक्स
630
_a
षडयंत्र
730
_a
षडयंत्र
942
_c
BOOK
999
_c
526574
_d
526571